000 00262nam a22000977a 4500
020 _a0439439361
100 _aDan Greenburg
245 _aMaximum Boy: Starring in Meet Super Sid, Crime-Fighting Kid /
260 _aNew York
_b Scholastic Inc
_c 2001.
942 _cBK
999 _c266233
_d266232